000 00360nam a2200145 i 4500
001 bg
100 1 _aSPARIA, Dź.
245 0 _aMetod Monte-Karlo i zadaci perenosa nejtronow /
_cDź. Sparia, E. Gelbard.
260 _aMoskwa,
_c1972.
700 1 _aGELBARD, E.
040 _cBPK
041 _apol
942 _cKS
008 s pl f |000 0 pol
999 _c14323
_d14323
856 _uhttp://koha.tu.koszalin.pl/cgi-bin/koha/opac-detail.pl?biblionumber=14323
_yKatalog online BPK